|
|
|
|
| LEADER |
00000nam a2200000 a 4500 |
| 001 |
vtls010041584 |
| 003 |
SK-MaSNL |
| 005 |
20260301083451.0 |
| 008 |
240313s2005 xxua 000 0 eng |
| 020 |
|
|
|a 1420855514
|q (viaz.)
|
| 040 |
|
|
|a SNK
|b slo
|c SNK
|e AACR2
|
| 041 |
0 |
|
|a eng
|
| 043 |
|
|
|a n-us---
|
| 044 |
|
|
|a xxu
|c US
|
| 072 |
|
7 |
|a 798
|x Jazdectvo. Športy so zvieratami
|2 konspekt
|
| 080 |
|
|
|a 355/359
|2 2001
|
| 080 |
|
|
|a 94(73)
|2 2001
|
| 080 |
|
|
|a (048.8)
|2 2001
|
| 080 |
|
|
|a 798(091)
|2 2001
|
| 100 |
1 |
|
|a Ottevaere, James A.
|4 aut
|9 410400
|
| 245 |
1 |
0 |
|a American military horsemanship
|b the military riding seat of the United States Cavalry, 1792 through 1944
|c James A. Ottevaere
|
| 250 |
|
|
|a 1st publ.
|
| 260 |
|
|
|a Bloomington
|b Author-House
|c c2005
|
| 300 |
|
|
|a 267 s.
|b ilustr.
|c 23 cm
|
| 648 |
|
7 |
|a 1792-1944
|2 SNKPH
|9 410401
|
| 650 |
0 |
7 |
|a vojenstvo
|2 SNKPH
|9 22591
|
| 650 |
0 |
7 |
|a vojenské jazdectvo
|2 SNKPH
|9 104365
|
| 651 |
|
7 |
|a Spojené štáty americké
|x dejiny
|2 SNKPH
|9 56310
|
| 655 |
|
7 |
|a monografie
|2 SNKPH
|9 70139
|
| 919 |
|
|
|a 1-4208-5551-4
|
| 999 |
|
|
|c 660613
|d 662543
|
| 952 |
|
|
|a SNK
|b SNK
|y VYP
|7 0
|p 17A0643609
|o snkIC 138387
|i snk2010/1834
|8 2
|g 25.00
|0 0
|1 0
|4 0
|d 2010-01-20
|l 0
|r 2026-02-23 18:52:18
|w 2026-02-23
|